Quizzes
Events
Quiz Creation
Community
Videos
Private Events
Remove Ads
Sign In
Join for FREE
Feedback
Dark Mode
Quiz Categories
Sports
Geography
Music
Movies
Television
Just For Fun
Miscellaneous
History
Literature
Language
Science
Gaming
Entertainment
Religion
Holiday
For Kids
Quiz Lab
Recent
Popular Today
Quiz Kudos Today
Editor Picks
Curator Picks
Quizzes by...
Day
Popularity
Type
Ratings
Length
Year
Community
Subscriptions
Recent Discussions
Orange Saloon
Badges
Playlists
Quests
Create
Leaderboards
Showdown
Live 5
Trivia Bingo
Activity
Puzzle Library
Sporcle Events
Private Events
Virtual Trivia
Globe League
Become a Host
Pub Owners
SporcleCon
Opinionation
Our Games
Videos
Blog
Mobile Apps
Partnerships
Remove Ads and Go Orange
Feedback
Sports
Athletes
MLB
NBA
NHL
NFL
Soccer
Sports Teams
WWE
NCAA
Football
Premier League
Basketball
Baseball
Hockey
Golf
Tennis
Cricket
Rugby
Auto Racing
Olympics
World Cup
Sports
Athletes
MLB
NBA
NHL
NFL
Soccer
Sports Teams
WWE
NCAA
Football
Premier League
Basketball
Baseball
Hockey
Golf
Tennis
Cricket
Rugby
Auto Racing
Olympics
World Cup
Random Quiz
Search Sporcle
×
Quiz Lab
Quiz Lab
Sports
Century
Type in answers that appear in a list
Type in answers that appear in a list
Classic
Best Score? Go Orange.
Chelsea Opening Day Line-Ups (21st Century) Stats
Can you name the Chelsea Opening Day Line-Ups (21st Century)?
By
agrawalankit0810
10m
198 Questions
208 Plays
208 Plays
208 Plays
Comments
Comments
Give Quiz Kudos
Give Quiz Kudos
-
- Ratings
hide this ad
Replay
Link that replays current quiz
Next Quiz
Link to next quiz in quiz playlist
You Got
0%
They Got
Avg Score
80%
Avg Friend Score
Upgrade to see
Score Distribution
Jump to the score distribution portion of the page
Score
0/198
Timer
10:00
0
Plays Today
Hint
Answer
% Correct
2001-
02
John Terry
98.6%
2003-
04
John Terry
98.6%
2004-
05
Petr Cech
98.6%
2004-
05
John Terry
98.6%
2005-
06
Petr Cech
98.6%
2005-
06
John Terry
98.6%
2006-
07
John Terry
98.6%
2007-
08
Petr Cech
98.6%
2008-
09
Petr Cech
98.6%
2008-
09
John Terry
98.6%
2009-
10
Petr Cech
98.6%
2009-
10
John Terry
98.6%
2010-
11
Petr Cech
98.6%
2010-
11
John Terry
98.6%
2011-
12
Petr Cech
98.6%
2011-
12
John Terry
98.6%
2012-
13
Petr Cech
98.6%
2012-
13
John Terry
98.6%
2013-
14
Petr Cech
98.6%
2013-
14
John Terry
98.6%
2014-
15
John Terry
98.6%
2015-
16
John Terry
98.6%
2016-
17
John Terry
98.6%
2007-
08
Ashley Cole
97.1%
2008-
09
Ashley Cole
97.1%
2008-
09
Joe Cole
97.1%
2009-
10
Ashley Cole
97.1%
2010-
11
Ashley Cole
97.1%
2011-
12
Ashley Cole
97.1%
2012-
13
Ashley Cole
97.1%
2013-
14
Ashley Cole
97.1%
2001-
02
Frank Lampard
96.6%
2002-
03
Frank Lampard
96.6%
2003-
04
Frank Lampard
96.6%
2004-
05
Frank Lampard
96.6%
2004-
05
Didier Drogba
96.6%
2005-
06
Frank Lampard
96.6%
2005-
06
Didier Drogba
96.6%
2006-
07
Frank Lampard
96.6%
2006-
07
Didier Drogba
96.6%
2007-
08
Frank Lampard
96.6%
2008-
09
Frank Lampard
96.6%
2009-
10
Frank Lampard
96.6%
2009-
10
Didier Drogba
96.6%
2010-
11
Frank Lampard
96.6%
2010-
11
Didier Drogba
96.6%
2011-
12
Frank Lampard
96.6%
2012-
13
Frank Lampard
96.6%
2013-
14
Frank Lampard
96.6%
2014-
15
Thibaut Courtois
94.7%
2015-
16
Thibaut Courtois
94.7%
2016-
17
Thibaut Courtois
94.7%
2012-
13
Branislav Ivanovic
94.2%
2013-
14
Branislav Ivanovic
94.2%
2014-
15
Branislav Ivanovic
94.2%
2014-
15
Diego Costa
94.2%
2015-
16
Branislav Ivanovic
94.2%
2015-
16
Diego Costa
94.2%
2016-
17
Branislav Ivanovic
94.2%
2016-
17
Diego Costa
94.2%
2012-
13
Eden Hazard
93.8%
2013-
14
Eden Hazard
93.8%
2014-
15
Eden Hazard
93.8%
2015-
16
Eden Hazard
93.8%
2016-
17
Eden Hazard
93.8%
2011-
12
Fernando Torres
92.3%
Hint
Answer
% Correct
2012-
13
Fernando Torres
92.3%
2013-
14
Gary Cahill
92.3%
2013-
14
Fernando Torres
92.3%
2014-
15
Gary Cahill
92.3%
2015-
16
Gary Cahill
92.3%
2016-
17
Gary Cahill
92.3%
2013-
14
Oscar
91.8%
2014-
15
Cesar Azpilicueta
91.8%
2014-
15
Oscar
91.8%
2015-
16
Cesar Azpilicueta
91.8%
2015-
16
Oscar
91.8%
2015-
16
Willian
91.8%
2016-
17
Cesar Azpilicueta
91.8%
2016-
17
Oscar
91.8%
2016-
17
Willian
91.8%
2014-
15
Cesc Fabregas
90.9%
2015-
16
Cesc Fabregas
90.9%
2006-
07
Ricardo Carvalho
90.4%
2007-
08
Ricardo Carvalho
90.4%
2008-
09
Ricardo Carvalho
90.4%
2009-
10
Ricardo Carvalho
90.4%
2014-
15
Nemanja Matic
88%
2015-
16
Nemanja Matic
88%
2016-
17
Nemanja Matic
88%
2008-
09
Nicholas Anelka
87.5%
2009-
10
Nicholas Anelka
87.5%
2010-
11
Nicholas Anelka
87.5%
2002-
03
Carlo Cudicini
87%
2003-
04
Carlo Cudicini
87%
2006-
07
Carlo Cudicini
87%
2006-
07
Michael Essien
86.5%
2007-
08
Michael Essien
86.5%
2007-
08
Frank Malouda
86.5%
2009-
10
Michael Essien
86.5%
2009-
10
Frank Malouda
86.5%
2010-
11
Michael Essien
86.5%
2010-
11
Frank Malouda
86.5%
2011-
12
Frank Malouda
86.5%
2007-
08
Solomon Kalou
85.6%
2011-
12
Solomon Kalou
85.6%
1999-
00
Gianfranco Zola
85.1%
2000-
01
Gianfranco Zola
85.1%
2001-
02
Gianfranco Zola
85.1%
2002-
03
Gianfranco Zola
85.1%
2012-
13
David Luiz
85.1%
2008-
09
John Obi Mikel
83.7%
2009-
10
John Obi Mikel
83.7%
2010-
11
John Obi Mikel
83.7%
2011-
12
John Obi Mikel
83.7%
2012-
13
John Obi Mikel
83.7%
2008-
09
Michael Ballack
80.8%
2016-
17
Ngolo Kante
80.3%
2000-
01
Jimmy Floyd Hasselbaink
79.8%
2001-
02
Jimmy Floyd Hasselbaink
79.8%
2002-
03
Jimmy Floyd Hasselbaink
79.8%
2004-
05
Paulo Ferreira
79.8%
2005-
06
Paulo Ferreira
79.8%
2006-
07
Paulo Ferreira
79.8%
2010-
11
Paulo Ferreira
79.8%
2011-
12
Ramires
79.8%
2013-
14
Ramires
79.8%
2005-
06
Arjen Robben
77.9%
2006-
07
Arjen Robben
77.9%
1999-
00
Marcel Desailly
77.4%
2000-
01
Marcel Desailly
77.4%
2001-
02
Marcel Desailly
77.4%
Hint
Answer
% Correct
2002-
03
Marcel Desailly
77.4%
2003-
04
Marcel Desailly
77.4%
2006-
07
Andriy Shevchenko
77.4%
2012-
13
Juan Mata
76.9%
2003-
04
Eidur Gudjohnsen
75.5%
2004-
05
Claude Makelele
75.5%
2004-
05
Eidur Gudjohnsen
75.5%
2005-
06
Claude Makelele
75.5%
2005-
06
Eidur Gudjohnsen
75.5%
2010-
11
Alex
75%
2011-
12
Alex
75%
2002-
03
William Gallas
74%
2003-
04
Damien Duff
74%
2004-
05
William Gallas
74%
2005-
06
William Gallas
74%
2005-
06
Damien Duff
74%
2008-
09
Jose Bosingwa
74%
2009-
10
Jose Bosingwa
74%
2011-
12
Jose Bosingwa
74%
1999-
00
Dennis Wise
73.6%
2000-
01
Dennis Wise
73.6%
1999-
00
Ed De Goey
71.2%
2000-
01
Ed De Goey
71.2%
2001-
02
Ed De Goey
71.2%
2003-
04
Wayne Bridge
70.7%
2004-
05
Wayne Bridge
70.7%
2006-
07
Wayne Bridge
70.7%
1999-
00
Gus Poyet
62.5%
2000-
01
Gus Poyet
62.5%
1999-
00
Graeme Le Saux
62%
2001-
02
Graeme Le Saux
62%
2014-
15
Andre Schurrle
62%
2003-
04
Glen Johnson
61.1%
2007-
08
Glen Johnson
61.1%
1999-
00
Frank Leboeuf
60.1%
2008-
09
Deco
59.6%
2012-
13
Ryan Bertrand
54.8%
1999-
00
Albert Ferrer
52.9%
2002-
03
Albert Ferrer
52.9%
2000-
01
Celestin Babayaro
52.4%
2002-
03
Celestin Babayaro
52.4%
2000-
01
Mario Melchiot
51.9%
2001-
02
Mario Melchiot
51.9%
2005-
06
Asier del Horno
51.9%
1999-
00
Dan Petrescu
51%
2006-
07
Shaun Wright Phillips
50.5%
2007-
08
Shaun Wright Phillips
50.5%
2000-
01
Roberto Di Matteo
50%
1999-
00
Didier Deschamps
49%
2001-
02
Jasper Gronkjaer
48.6%
2002-
03
Jasper Gronkjaer
48.6%
2003-
04
Jasper Gronkjaer
48.6%
2003-
04
Geremi Njitap
47.6%
2004-
05
Geremi Njitap
47.6%
2001-
02
Emmanuel Petit
45.7%
2002-
03
Emmanuel Petit
45.7%
2013-
14
Kevin De Bruyne
44.7%
2003-
04
Juan Sebastian Veron
41.8%
2000-
01
Mario Stanic
38.9%
2001-
02
Boudewijn Zenden
35.6%
1999-
00
Chris Sutton
34.1%
2004-
05
Alexey Smertin
33.7%
2007-
08
Tal Ben Haim
24%
2007-
08
Claudio Pizzaro
19.7%
2000-
01
Christian Panucci
17.3%
2002-
03
Enrique De Lucas
15.4%
Quiz Playlist
Details
Report
Send in Message
Add To Playlist
Classic:
Type in answers that appear in a list
Last Updated: Feb 16, 2017
Quiz Scoreboard
CHALLENGE
Sign Up to Join the Scoreboard
Show All
Scores
Hide
Comments
May contain spoilers
Recently Published
College Basketball Coaching Resumes
by pancakes188
Sports
9m
Billboard Blitz: Fleetwood Mac
by CooCooCachoo
Music
15s
Presidents Visiting Landmarks
by Hejman
History
7m
More to Explore
Quiz From the Vault
Featured Blog Post
Where Did the Easter Bunny Come From?
hide this ad
You Might Also Like...
Tags
Century Quiz
21st Century
Chelsea
linecut
Today's Top Quizzes in Sports
Browse Sports
hide this ad
Today's Top Quizzes in Century
Browse Century
Top Contributed Quizzes in Sports
1
Les meilleurs buteurs des matchs entre le PSG et l’OM
2
2022 World Cup Stars
3
FIFA Club World Cup Champions
4
Les entraîneurs de l'OM et du PSG au 21e siècle
5
Criteria MLB: Left Handed Sluggers
6
AFC Teams Reveal (Wrong Answers Minefield)
7
5-to-1: UK Sports Teams
8
Name the Premier League winners with different clubs
9
5-to-1: FBS Animal Nicknames
10
Players with Multiple 50 Home Run Seasons
Explore More
Trending Topics
Marvel
Disney
Kpop
Harry Potter
Crossword
Anime
NBA
Soccer
Country
WWE
Song
Puzzle
NFL
The Office
Pokémon
hide this ad
More By:
agrawalankit0810
Quiz
Plays
Rating
Category
Featured
Created
Premier League Clubs Biggest Transfer Sales
285
5.00
Sports
Aug 9, 2016
Top Premier League Goal Scorers - A to Z top 6s
277
3.80
Sports
Aug 5, 2016
Top Premier League Goal Scorers for a Single Club
232
4.33
Sports
Jul 28, 2016
Chelsea Opening Day Line-Ups (21st Century)
208
5.00
Sports
Aug 17, 2016
Go to Creator's Profile
Score Distribution
Quiz Creator Spotlight
agrawalankit0810
Follow
Send a Message
Quizzes Created
-
Created Quiz Play Count
-
More By This Creator
Popular Quizzes Today
1
Find the US States - No Outlines Minefield
2
Find the Countries of Europe - No Outlines Minefield
3
The Countries of the World
4
Find the US States
5
Risky Map Clicking: Biggest States A-Z
6
US States
7
Popular People in 1961
8
Movies - When Are They Set?
More Sports Quizzes
Chelsea's Winning XI's in Spain
Quiz Lab
Trending Quizzes
Risky Map Clicking: Least Populous States A-Z
1-10 Letter G Words
1-10 Letter F Words
Risky Map Clicking: Next State Alphabetically
Click the Washington State Counties! (Map)
Recently Updated
Leaping Animals
pecheneg
Reality TV Shows (A-Z)
bhenderson79
Rickey Henderson's Hall of Fame Teammates
pecheneg
Champions League XIs: Arsenal
pecheneg
Quick Pick: Celebrities in WWE's Hall of Fame
aduchscher
A-Z Keypad Blitz II
pecheneg
Multiple Oscar Actors
pecheneg
Mystery Phrase Blitz: Oscar 'Best Actors'
pecheneg
F. Scott Fitzgerald Novels
LTH
Pick 3 Villains
ddd62291
Trending Topics
NBA
Anime
Marvel
Disney
Crossword
Harry Potter
Kpop
Country
Puzzle
Song
Pokémon
The Office
NFL
WWE
Soccer
Your Account Isn't Verified!
In order to create a playlist on Sporcle, you need to verify the email address you used during registration. Go to your
Sporcle Settings
to finish the process.
Report this User
Report this user for behavior that violates our
Community Guidelines
.
Details:
Send Report
Go to the Sporcle.com Mobile Site →
Comments